Industrial development in north east india / (Record no. 124558)

MARC details
000 -LEADER
fixed length control field 00833nam a22002537a 4500
005 - DATE AND TIME OF LATEST TRANSACTION
control field 20170124105941.0
010 ## - LIBRARY OF CONGRESS CONTROL NUMBER
LC control number A-543874
020 ## - INTERNATIONAL STANDARD BOOK NUMBER
Terms of availability 00.00
035 ## - SYSTEM CONTROL NUMBER
System control number A-543874
037 ## - SOURCE OF ACQUISITION
Source of stock number/acquisition Cen Lib/Ret
040 ## - CATALOGING SOURCE
Original cataloging agency DPL
Language of cataloging EN
082 ## - DEWEY DECIMAL CLASSIFICATION NUMBER
Classification number 338.954
Item number MAL
100 ## - MAIN ENTRY--PERSONAL NAME
Personal name Mali, Dharani Dhar
9 (RLIN) 11228
245 ## - TITLE STATEMENT
Title Industrial development in north east india /
Statement of responsibility, etc by D. D. Mali [and] P. Deka
260 ## - PUBLICATION, DISTRIBUTION, ETC. (IMPRINT)
Place of publication, distribution, etc Guwahati
Name of publisher, distributor, etc Omsons Publications
Date of publication, distribution, etc 1987
270 ## - ADDRESS
City Guwahati
Address Jasomanta Road Panbazar
Postal code 781001
300 ## - PHYSICAL DESCRIPTION
Extent xx,179p.
Dimensions 22cmHb)
650 ## - SUBJECT ADDED ENTRY--TOPICAL TERM
Topical term or geographic name as entry element Small business
9 (RLIN) 11229
650 ## - SUBJECT ADDED ENTRY--TOPICAL TERM
Topical term or geographic name as entry element India, Northeastern
9 (RLIN) 11230
650 ## - SUBJECT ADDED ENTRY--TOPICAL TERM
Topical term or geographic name as entry element यात्रा और पर्यटन
9 (RLIN) 11231
650 ## - SUBJECT ADDED ENTRY--TOPICAL TERM
Topical term or geographic name as entry element विकासशील देश-पर्यटन
9 (RLIN) 3126
700 ## - ADDED ENTRY--PERSONAL NAME
Personal name Deka, P
9 (RLIN) 11232
942 ## - ADDED ENTRY ELEMENTS (KOHA)
Source of classification or shelving scheme Dewey Decimal Classification
Koha item type English Books
Classification part 338.594
Call number suffix MAL
Holdings
Withdrawn status Lost status Source of classification or shelving scheme Damaged status Not for loan Collection code Home library Current library Date acquired Source of acquisition Cost, normal purchase price Total Checkouts Full call number Barcode Date last seen Copy number Cost, replacement price Price effective from Koha item type Public note
Written off   Dewey Decimal Classification     Non-fiction Central Library Central Library 17/06/2015 Cen Lib/Ret 0.00   338.954 MAL A-543874 17/06/2015 1 0.00 17/06/2015 English Books W/d List No. 6891/15 ; dtd 14/09/2020

© Delhi Public Library
Hit Counter
free hit counter